Visión mujeres / (Registro nro. 14954)

000 -CABECERA
campo de control de longitud fija 01508nam a22002417a 4500
003 - IDENTIFICADOR DEL NÚMERO DE CONTROL
campo de control OSt
005 - FECHA Y HORA DE LA ÚLTIMA TRANSACCIÓN
campo de control 20230724153905.0
008 - DATOS DE LONGITUD FIJA--INFORMACIÓN GENERAL
campo de control de longitud fija 230724b ||||| |||| 00| 0 spa d
020 ## - NÚMERO INTERNACIONAL ESTÁNDAR DEL LIBRO
Número Internacional Estándar del Libro 9789584880345
040 ## - FUENTE DE LA CATALOGACIÓN
Centro/agencia transcriptor CO-MqBPB
082 ## - NÚMERO DE LA CLASIFICACIÓN DECIMAL DEWEY
Número de clasificación 305.4
Número de documento/Ítem V47
100 ## - ENTRADA PRINCIPAL--NOMBRE DE PERSONA
Nombre de persona López, Ada.
Término indicativo de función/relación Autor
245 ## - MENCIÓN DE TÍTULO
Título Visión mujeres /
Mención de responsabilidad, etc. Ada López
260 ## - PUBLICACIÓN, DISTRIBUCIÓN, ETC.
Lugar de publicación, distribución, etc. Bogotá :
Nombre del editor, distribuidor, etc. Grupo Editarte, Fundación Sara Díaz,
Fecha de publicación, distribución, etc. 2019.
300 ## - DESCRIPCIÓN FÍSICA
Extensión 94 páginas ;
Otras características físicas Tapa Rústica,
Dimensiones 20 cm.
500 ## - NOTA GENERAL
Nota general Este libro se escribió con la intención de acercar a todas las personas a los aspectos más esenciales que tiene lugar cuando se habla de estudios de género y feminismo.<br/>En Visión mujeres, se tratan temas como la importancia de hacer pedagogía de género, avances históricos, las diferentes olas del feminismo, cómo el machismo afecta también a los hombres, la obtención de derechos civiles como el voto, legislación sobre derechos reproductivos y el acceso de las mujeres a la educación superior. También se aclaran conceptos como sexo, género, identidad de género, orientación sexual, transexual, polisexual, pansexual, cisgénero y queer, así como los términos mismos de machismo y feminismo, de los cuales suelen tenerse ideas bastante imprecisas.
650 ## - PUNTO DE ACCESO ADICIONAL DE MATERIA--TÉRMINO DE MATERIA
Término de materia o nombre geográfico como elemento de entrada Colombia Estudios de género
Subdivisión general Mujeres
650 ## - PUNTO DE ACCESO ADICIONAL DE MATERIA--TÉRMINO DE MATERIA
Término de materia o nombre geográfico como elemento de entrada Colombia Identidad de género
Subdivisión general Derechos de la mujer
650 ## - PUNTO DE ACCESO ADICIONAL DE MATERIA--TÉRMINO DE MATERIA
Término de materia o nombre geográfico como elemento de entrada Aspectos sociales
700 ## - PUNTO DE ACCESO ADICIONAL--NOMBRE DE PERSONA
Nombre de persona Díaz, Cristina.
Término indicativo de función/relación Coautor
700 ## - PUNTO DE ACCESO ADICIONAL--NOMBRE DE PERSONA
Nombre de persona Morales, Ana Lucero.
Término indicativo de función/relación Coautor
942 ## - ELEMENTOS DE PUNTO DE ACCESO ADICIONAL (KOHA)
Fuente del sistema de clasificación o colocación
Tipo de ítem Koha Libro
Existencias
Estado de retiro Estado de pérdida Fuente del sistema de clasificación o colocación Estado dañado No para préstamo Código de colección Localización permanente Ubicación/localización actual Ubicación en estantería Fecha de adquisición Fuente de adquisición Total de préstamos Signatura topográfica completa Código de barras Fecha visto por última vez Fecha del último préstamo Número de copia Precio válido a partir de Tipo de ítem Koha Nota pública
          Colección General Biblioteca Pública San Juan Bosco Biblioteca Pública San Juan Bosco Colección General 24/07/2023 Donación 2023 1 305.4 V47 MOS503226 04/09/2023 02/09/2023 Ej. 1 24/07/2023 Libro Ocho días

© Todos los derechos reservados para la Biblioteca Pública Municipal San Juan Bosco, 2020
Secretaria de Cultura de Mosquera
Carrera 3 N° 10 Esquina Centro Cultural Barrio El Carmén Teléfono: 8270830 Ext: 34
Funcionando con KOHA
Contacto: Biblioteca Pública Municipal San Juan Bosco/ bibliotecasanjuanbosco@mosquera-cundinamarca.gov.co
Mosquera, Cundinamarca